[Event "33rd Cannes Open 2019"]
[Site "Cannes"]
[Date "2019.02.22"]
[Round "7.4"]
[White "Rubio Mejia, Luis Ignacio"]
[Black "Ghasi, Ameet K"]
[Result "0-1"]
[WhiteElo "2437"]
[BlackElo "2503"]
[Annotator "ChessBase"]
[PlyCount "114"]
[EventDate "2019.02.18"]
[EventType "swiss"]
[EventCountry "FRA"]
[SourceTitle "playchess.com"]
[Source "ChessBase"]
[SourceQuality "1"]
[TimeControl "40/5400+30:1800+30"]

1. d4 {[%emt 0:06:02]} Nf6 {[%emt 0:01:03]} 2. c4 {[%emt 0:00:22]} g6 {[%emt 0:00:05]} 3. Nc3 {[%emt 0:00:15]} Bg7 {[%emt 0:00:39]} 4. e4 {[%emt 0:00:13]} d6 {[%emt 0:00:03]} 5. Nf3 {[%emt 0:00:16]} O-O {[%emt 0:00:14]} 6. Be2 {[%emt 0:01:06]} e5 {[%emt 0:00:56]} 7. O-O {[%emt 0:02:35]} Nc6 {[%emt 0:00:53]} 8. d5 {[%emt 0:00:09]} Ne7 {[%emt 0:00:05]} 9. Nd2 {[%emt 0:02:34]} a5 {[%emt 0:03:30]} 10. Rb1 {[%emt 0:04:14]} Bd7 {[%emt 0:13:32]} 11. b3 {[%emt 0:06:01]} c6 {[%emt 0:13:28]} 12. Bb2 {[%emt 0:22:43]} c5 {[%emt 0:06:26]} 13. a3 {[%emt 0:06:35]} Bh6 {[%emt 0:01:08]} 14. Re1 {[%emt 0:07:09]} Ne8 {[%emt 0:05:11]} 15. Nb5 {[%emt 0:08:23]} b6 {[%emt 0:01:16]} 16. Bd3 {[%emt 0:04:28]} f5 {[%emt 0:02:17]} 17. Bc3 {[%emt 0:05:35]} Bc8 {[%emt 0:12:05]} 18. b4 {[%emt 0:04:26]} Nf6 {[%emt 0:00:22]} 19. bxc5 {[%emt 0:06:17]} bxc5 {[%emt 0:00:04]} 20. f3 {[%emt 0:03:02]} Bg5 {[%emt 0:05:40]} 21. Qe2 {[%emt 0:03:16]} h5 {[%emt 0:02:23]} 22. a4 {[%emt 0:00:44]} Rf7 {[%emt 0:05:59]} 23. Nb3 {[%emt 0:01:04]} fxe4 {[%emt 0:05:42]} 24. Bxe4 {[%emt 0:00:35]} Nf5 {[%emt 0:02:16]} 25. Bd2 {[%emt 0:01:45]} Nh7 {[%emt 0:04:00]} 26. Bd3 {[%emt 0:01:19]} Bd7 {[%emt 0:02:18]} 27. Bxf5 {[%emt 0:01:07]} Bxf5 {[%emt 0:00:16]} 28. Rbc1 {[%emt 0:00:10]} Bh4 {[%emt 0:02:22]} 29. Rf1 {[%emt 0:00:28]} Bf6 {[%emt 0:00:52]} 30. Be3 {[%emt 0:00:58]} Be7 {[%emt 0:01:06]} 31. Nd2 {[%emt 0:00:40]} Nf6 {[%emt 0:00:18]} 32. Rf2 {[%emt 0:00:34]} Qd7 {[%emt 0:01:29]} 33. Rff1 {[%emt 0:00:29]} g5 {[%emt 0:03:33]} 34. Bxg5 {[%emt 0:00:39]} Nxd5 {[%emt 0:00:07]} 35. cxd5 {[%emt 0:00:13]} Bxg5 {[%emt 0:00:05]} 36. Rc4 {[%emt 0:00:22]} Raf8 {[%emt 0:02:24]} 37. Ne4 {[%emt 0:00:33]} Be7 {[%emt 0:00:02]} 38. Nf2 {[%emt 0:00:43]} Rg7 {[%emt 0:00:29]} 39. Kh1 {[%emt 0:00:24]} Rf6 {[%emt 0:00:57]} 40. Rg1 {[%emt 0:00:41]} Rfg6 {[%emt 0:00:47]} 41. f4 {[%emt 0:17:01]} exf4 {[%emt 0:01:51]} 42. Rxf4 {[%emt 0:00:15]} Bg5 {[%emt 0:01:24]} 43. Rf3 {[%emt 0:00:52]} Re7 {[%emt 0:11:51]} 44. Qb2 {[%emt 0:02:50]} Bg4 {[%emt 0:09:25]} 45. Nxg4 {[%emt 0:06:35]} hxg4 {[%emt 0:01:34]} 46. Qc2 {[%emt 0:00:05]} Rh6 {[%emt 0:05:50]} 47. Rf5 {[%emt 0:00:17]} Bf6 {[%emt 0:00:10]} 48. g3 {[%emt 0:03:33]} Qe8 {[%emt 0:02:50]} 49. Rf2 {[%emt 0:01:20]} Qh5 {[%emt 0:01:47]} 50. Qc4 {[%emt 0:01:44]} Be5 {[%emt 0:00:34]} 51. Qb3 {[%emt 0:01:00]} Rf7 {[%emt 0:00:25]} 52. Rgf1 {[%emt 0:00:25]} Rf3 {[%emt 0:00:12]} 53. Qc2 {[%emt 0:00:27]} Bxg3 {[%emt 0:00:46]} 54. Rxf3 {[%emt 0:00:08]} gxf3 {[%emt 0:00:20]} 55. Nc3 {[%emt 0:00:16]} Qxh2+ 56. Qxh2 {[%emt 0:00:06]} Rxh2+ {[%emt 0:00:28]} 57. Kg1 {[%emt 0:00:08]} f2+ {[%emt 0:00:03]} 0-1

[Event "33rd Cannes Open 2019"]
[Site "Cannes"]
[Date "2019.02.22"]
[Round "7.5"]
[White "Solodovnichenko, Yuri"]
[Black "Joie, Sebastien"]
[Result "1-0"]
[WhiteElo "2574"]
[BlackElo "2418"]
[Annotator "TA"]
[PlyCount "63"]
[EventDate "2019.02.18"]
[EventType "swiss"]
[EventCountry "FRA"]
[SourceTitle "playchess.com"]
[Source "ChessBase"]
[SourceQuality "1"]

{[%evp 9,63,11,17,11,53,55,66,63,76,36,45,28,55,61,193,202,375,387,485,464,577,569,572,570,524,556,566,556,533,445,430,385,373,260,247,244,277,258,263,261,240,212,214,210,379,375,376,384,796,791,2479,2099,5002,4998,29991,29992]} 1. e4 e5 2. Nf3 Nf6 3. d4 Nxe4 4. dxe5 d5 5. Nbd2 Qd7 6. Be2 {C43: Petroff Defence: 3 d4} g6 $146 ({Predecessor:} 6... Nc6 7. O-O Be7 8. c4 Nc5 9. a3 a5 10. cxd5 Qxd5 11. Bc4 Qd8 12. Qc2 Bg4 13. b3 {1-0 (34) Ponkratov,P (2630)-Kabanov,N (2447) Moscow 2019}) 7. c4 {aiming for cxd5.} Nxd2 8. Bxd2 {White is slightly better.} Bg7 9. cxd5 Qxd5 10. Qa4+ Bd7 11. Qh4 {Bc4 is the strong threat.} Be6 {[#]} (11... Nc6 $14) 12. Rd1 $1 $18 ({Much less strong is} 12. Bb4 $6 Nc6 $16) 12... Nc6 $2 {[#]} (12... Qxa2 {was worth a try.} 13. Bb5+ (13. Bb4 Nc6 $16) 13... Nd7) 13. Bh6 $1 g5 14. Nxg5 (14. Rxd5 gxh4 15. Bxg7 Rg8 $14) 14... Qxe5 15. Bxg7 {[%mdl 64] Overworked Piece} Qxg7 16. Nxe6 fxe6 17. Bh5+ Kf8 18. Rd3 Ne7 19. Rf3+ Nf5 20. Qb4+ Qe7 21. Qxb7 Kg7 22. O-O Rab8 23. Qe4 Rhf8 24. Qe5+ Kg8 25. Bg4 Qd6 26. Qc3 {Strongly threatening Bxf5.} Ne7 $2 (26... Nd4 27. Rxf8+ Rxf8) 27. Rg3 {[%cal Rg4e6]} Ng6 {[#]} 28. h4 $1 {[%mdl 512]} e5 $2 (28... Qe5 29. h5 Qxc3 30. Rxc3 (30. Bxe6+ Kh8 $18) 30... Nh4 31. Bxe6+ Kh8 32. Rxc7 Rxb2 33. Rxa7 h6) (28... Nxh4 29. Bxe6#) 29. h5 Nf4 30. Rd1 Qf6 31. Qxc7 {Rd7 would kill now.} ({Not} 31. Bf5+ Kh8 $16) 31... Kh8 32. Rd7 {Accuracy: White = 70%, Black = 34%.} 1-0

[Event "33rd Cannes Open 2019"]
[Site "Cannes"]
[Date "2019.02.22"]
[Round "7.6"]
[White "Basso, Pier Luigi"]
[Black "Samant Aditya S"]
[Result "1-0"]
[WhiteElo "2512"]
[BlackElo "2275"]
[Annotator "TA"]
[PlyCount "51"]
[EventDate "2019.02.18"]
[EventType "swiss"]
[EventCountry "FRA"]
[SourceTitle "playchess.com"]
[Source "ChessBase"]
[SourceQuality "1"]

{[%evp 21,51,32,33,40,38,22,88,81,117,110,161,147,156,177,195,176,179,179,187,105,114,0,166,169,355,342,418,137,347,270,936,284]} 1. d4 Nf6 2. c4 e6 3. Nf3 Bb4+ 4. Bd2 c5 5. Bxb4 cxb4 6. a3 bxa3 7. Rxa3 O-O 8. Nc3 d6 9. e3 Nc6 10. Be2 a5 11. O-O b6 12. d5 {E11: Bogo-Indian} Nb4 13. Nd4 $146 ({Predecessor:} 13. dxe6 fxe6 14. Nd4 Qe7 15. Bf3 Ra7 16. Na2 Rc7 17. Nb5 Rxc4 18. Qxd6 Qe8 19. Nbc3 Nd7 {½-½ (44) Mueller,O (2250)-Colbow,C (2111) Bremen 2018}) 13... exd5 (13... Bd7 $11) 14. cxd5 $16 {White is better.} Bb7 15. e4 Nd7 (15... Kh8 $16 {keeps fighting.} 16. Qd2 Nd7) 16. Ncb5 Nc5 17. Nf5 Nxe4 18. Qd4 $1 {[%csl Gf5,LRe4,LRg7][%cal Rd4g7]} Nf6 19. Rg3 ({Not} 19. Nfxd6 Nc2 $17) 19... g6 20. Nh6+ $40 {[%mdl 128] White attacks with force.} ({Worse is} 20. Nfxd6 Bxd5 21. Rd1 Qe7 $11) ({White should play} 20. Nbxd6 $18 Bc8 21. Nxc8 Rxc8 22. d6) 20... Kg7 {[#]} 21. Nf5+ (21. Nxd6 $1 $16 {[%mdl 512]} Bc8 (21... Qxd6 22. Nf5+) 22. Ndf5+ Bxf5 23. Nxf5+ Kh8 24. Nh6) 21... Kg8 $1 $18 22. Nbxd6 Bxd5 $2 (22... Bc8 {was worth a try.}) 23. Qe5 Nc6 24. Qc3 $2 (24. Qf4 $18 {has better winning chances.} Nd7 25. Rd1) 24... Nb4 $2 (24... Ne7 $16 {is a better defense.}) 25. Rd1 Ra7 $2 {[#]} (25... Kh8) 26. Nc8 $2 {Accuracy: White = 53%, Black = 13%.} (26. Ne4 $1 {[%mdl 512]} Bxe4 27. Rxd8 Bxf5 28. Rxf8+ Kxf8 29. Qxf6) 1-0

[Event "33rd Cannes Open 2019"]
[Site "Cannes"]
[Date "2019.02.22"]
[Round "7.7"]
[White "Gilevych, Artem"]
[Black "Apicella, Manuel"]
[Result "1/2-1/2"]
[WhiteElo "2403"]
[BlackElo "2501"]
[Annotator "RC"]
[PlyCount "93"]
[EventDate "2019.02.18"]
[EventType "swiss"]
[EventCountry "FRA"]
[SourceTitle "playchess.com"]
[Source "ChessBase"]
[SourceQuality "1"]
[TimeControl "40/5400+30:1800+30"]

1. e4 {[%emt 0:09:19]} e6 {[%emt 0:00:00]} 2. d4 {[%emt 0:00:23]} d5 {[%emt 0:00:00]} 3. Nc3 {[%emt 0:00:05]} Bb4 {[%emt 0:00:11]} 4. Nge2 {[%emt 0:00:06]} Nc6 {[%emt 0:05:39]} 5. a3 {[%emt 0:00:54]} Ba5 {[%emt 0:00:11]} 6. b4 {[%emt 0:00:24]} Bb6 {[%emt 0:00:06]} 7. Bb2 {[%emt 0:00:05]} Nge7 {[%emt 0:03:56]} 8. g3 {[%emt 0:00:13]} e5 {[%emt 0:04:39]} 9. dxe5 {[%emt 0:00:52]} Nxe5 {[%emt 0:02:38]} 10. Nf4 {[%emt 0:00:06]} Ng4 {[%emt 0:18:01]} 11. Nd3 {[%emt 0:00:35]} O-O {[%emt 0:02:21]} 12. Bg2 {[%emt 0:14:59]} Bd4 {[%emt 0:10:09]} 13. O-O {[%emt 0:01:51]} dxe4 {[%emt 0:08:27]} 14. Nxe4 {[%emt 0:00:13]} Bxb2 {[%emt 0:02:51]} 15. Nxb2 {[%emt 0:00:56]} Qxd1 {[%emt 0:02:09]} 16. Rfxd1 {[%emt 0:02:32]} Rb8 {[%emt 0:01:50]} 17. Rd2 {[%emt 0:09:10]} b6 {[%emt 0:02:19]} 18. Re1 {[%emt 0:04:55]} Nf5 {[%emt 0:02:42]} 19. h3 {[%emt 0:04:27]} Ne5 {[%emt 0:02:05]} 20. f4 {[%emt 0:02:34]} Ng6 {[%emt 0:00:58]} 21. Kf2 {[%emt 0:01:11]} Bb7 {[%emt 0:03:32]} 22. Rd7 {[%emt 0:04:10]} Rfc8 {[%emt 0:00:38]} 23. Nc4 {[%emt 0:02:34]} Nf8 {[%emt 0:00:42]} 24. Rd2 {[%emt 0:03:52]} Rd8 {[%emt 0:04:13]} 25. Red1 {[%emt 0:05:12]} Ne6 {[%emt 0:00:42]} 26. a4 {[%emt 0:05:03]} Kf8 {[%emt 0:01:31]} 27. c3 {[%emt 0:16:18]} Rxd2+ {[%emt 0:03:16]} 28. Rxd2 {[%emt 0:00:03]} Rd8 {[%emt 0:01:34]} 29. Rxd8+ {[%emt 0:01:08]} Nxd8 {[%emt 0:00:05]} 30. Bf3 {[%emt 0:00:14]} Ke7 {[%emt 0:01:45]} 31. Ne3 {[%emt 0:02:22]} Bxe4 {[%emt 0:06:40]} 32. Bxe4 {[%emt 0:00:08]} Nxe3 {[%emt 0:00:03]} 33. Kxe3 {[%emt 0:00:04]} h6 {[%emt 0:00:22]} 34. Bd5 {[%emt 0:01:52]} c6 {[%emt 0:00:28]} 35. Bb3 {[%emt 0:00:29]} Nb7 {[%emt 0:00:10]} 36. Kd4 {[%emt 0:00:42]} f6 {[%emt 0:00:33]} 37. Bc2 {[%emt 0:01:25]} Ke6 {[%emt 0:01:25]} 38. Bb3+ {[%emt 0:00:26]} Ke7 {[%emt 0:00:26]} 39. Bd1 {[%emt 0:02:12]} Ke6 {[%emt 0:00:16]} 40. Bg4+ {[%emt 0:00:07]} f5 {[%emt 0:01:12]} 41. Bf3 {[%emt 0:06:35]} c5+ {[%emt 0:00:58]} 42. Kd3 {[%emt 0:00:06]} Nd6 {[%emt 0:00:15]} 43. a5 {[%emt 0:03:56]} Kf6 {[%emt 0:01:44]} 44. Bd5 {[%emt 0:02:45]} Ke7 {[%emt 0:00:46]} 45. Bf3 {[%emt 0:13:02]} Kf6 {[%emt 0:00:47]} 46. Bd5 {[%emt 0:00:13]} Ke7 {[%emt 0:00:13]} 47. Bf3 1/2-1/2

[Event "33rd Cannes Open 2019"]
[Site "Cannes"]
[Date "2019.02.23"]
[Round "8.1"]
[White "Gupta, Abhijeet"]
[Black "Ghasi, Ameet K"]
[Result "1-0"]
[WhiteElo "2587"]
[BlackElo "2503"]
[Annotator "TA"]
[PlyCount "95"]
[EventDate "2019.02.18"]
[EventType "swiss"]
[EventCountry "FRA"]
[SourceTitle "playchess.com"]
[Source "ChessBase"]
[SourceQuality "1"]

{[%evp 17,95,30,27,31,36,23,28,27,36,47,57,44,29,44,47,24,37,41,32,36,22,14,59,-27,31,0,0,0,0,-4,24,27,51,49,56,56,56,55,55,47,56,56,51,43,47,51,54,7,4,4,4,4,2,19,12,2,8,1,8,10,10,20,20,0,0,0,0,0,0,0,1613,1601,1526,1445,2374,2289,5065,5065,29983,29968]} 1. d4 Nf6 2. c4 g6 3. Nc3 Bg7 4. e4 d6 5. f3 O-O 6. Nge2 c5 7. d5 e6 8. Ng3 exd5 9. cxd5 h5 10. Bg5 {A65: Modern Benoni: 6 e4} Qb6 11. Qd2 Nh7 12. Bh4 {White has an edge.} Nd7 13. Be2 Re8 14. Nf1 a6 15. Ne3 Bh6 16. O-O Qb4 17. Bf2 Qd4 {[#]} 18. Qc1 $146 f5 19. Re1 b5 {[%cal Rf5e4]} 20. a3 ({White has to play} 20. Bf1 $1 $14) 20... Ndf6 ({Better is} 20... Qf6 $11) 21. Bf1 (21. Bxb5 $5 axb5 22. Nxb5 $11) 21... fxe4 22. Qc2 {[#] Black must now prevent Nc4.} Qe5 23. a4 Bxe3 (23... Bd7 {keeps more tension.} 24. axb5 axb5 25. Rxa8 Rxa8 26. Bxb5 Bxb5 27. Nxb5 Bxe3 28. Bxe3 Rb8) 24. Bxe3 b4 ({Not} 24... Nxd5 $2 25. Nxd5 Qxd5 26. axb5 $18) 25. Nxe4 Nxe4 26. Qxe4 Qxe4 27. fxe4 Nf6 28. e5 $1 {[%cal Re5f6]} Rxe5 29. Bf4 Nd7 30. Rac1 Kf7 31. Bxe5 Nxe5 32. Rxe5 dxe5 33. Rxc5 $14 {[%mdl 4096] Endgame KRB-KRB} Bd7 $1 34. Rc7 Ke7 35. Rb7 Kd6 36. a5 {[%cal Ba4a5,Ba5a6,Ba6a7][%mdl 32]} Rc8 37. Rxb4 Bb5 38. Bxb5 $11 {KRB-KR} Rb8 {[%mdl 64] [#] Pin} 39. Rb3 axb5 {KR-KR} 40. a6 b4 41. Rg3 {And now a7 would win.} Kxd5 42. Rxg6 {aiming for Kf2.} Kc4 43. Rg7 Rb6 $2 {[%mdl 8192]} (43... Ra8 $11) 44. a7 $18 Ra6 45. h4 Kd3 46. g4 hxg4 47. h5 Ke3 48. Kg2 {Accuracy: White = 59%, Black = 66%.} 1-0

[Event "33rd Cannes Open 2019"]
[Site "Cannes"]
[Date "2019.02.23"]
[Round "8.2"]
[White "Nasuta, Grzegorz"]
[Black "Solodovnichenko, Yuri"]
[Result "1/2-1/2"]
[WhiteElo "2504"]
[BlackElo "2574"]
[Annotator "TA"]
[PlyCount "114"]
[EventDate "2019.02.18"]
[EventType "swiss"]
[EventCountry "FRA"]
[SourceTitle "playchess.com"]
[Source "ChessBase"]
[SourceQuality "1"]

{[%evp 9,114,6,18,15,27,21,30,29,35,14,52,59,60,18,14,0,-7,-6,0,-4,0,-19,-12,-27,-18,-22,-31,-28,0,-104,-104,-120,-110,-111,-107,-104,0,0,0,0,81,25,19,-49,-49,-43,-44,-83,-85,-83,-77,-106,-104,-141,-132,-137,-137,-222,-222,-191,-110,-109,-70,-83,-42,-160,-148,-196,-196,-204,-34,-34,-40,-151,-19,-71,-19,-185,-34,-44,0,0,0,0,0,0,0,0,0,0,0,0,0,0,0,0,0,0,0,0,0,0,0,0,0,0,0]} 1. e4 c5 2. Nf3 d6 3. Bb5+ Nd7 4. Ba4 (4. O-O a6 5. Bxd7+ Bxd7 6. d4 cxd4 7. Qxd4 e5 8. Qd3 h6 9. a4 Nf6 10. a5 Be7 11. c4 b5 12. axb6 Qxb6 13. Nc3 O-O 14. Be3 Qb7 15. h3 Rfc8 16. Nd2 Be6 17. Rfb1 a5 18. b3 Ra6 19. Ra2 Bd7 20. Rba1 {½-½ (20) Wang,H (2730)-Nepomniachtchi,I (2763) St Petersburg 2018}) 4... Ngf6 5. O-O e5 6. Re1 $146 {B51: Sicilian: Moscow Variation (3 Bb5+) without 3...Bd7} ({Predecessor:} 6. d3 Be7 7. c4 O-O 8. h3 Nb6 9. Bc2 h6 10. Nc3 Nh7 11. a3 f5 {1-0 (48) Dragun,K (2594)-Iniyan,P (2451) Biel 2018}) 6... Be7 7. c3 O-O 8. d4 {White has an edge.} exd4 9. cxd4 d5 10. e5 Ne4 11. Bc2 cxd4 12. Bxe4 dxe4 13. Rxe4 Bc5 14. Nbd2 b6 15. Nb3 Bb7 16. Re1 Re8 $36 {[%mdl 2048] White is under pressure.} 17. Bf4 Bb4 18. Re2 d3 (18... Bxf3 {is interesting.} 19. gxf3 Bc5 20. Nxd4 Nxe5 21. Bxe5 Bxd4 22. Bxd4 Rxe2 23. Qxe2 Qxd4 24. Rd1 Qf6) 19. Qxd3 (19. Re3 $1 $11 {was the only way to keep the balance.} Ba6 20. Nfd4) 19... Nxe5 $1 $17 20. Nxe5 Qxd3 21. Nxd3 Rxe2 22. Nxb4 Rxb2 (22... a5 $1 $17 {[%cal Ra5b4]} 23. Nd3 Rd8) 23. Bc1 Re2 {[%cal Re2e1]} 24. Be3 Rd8 {[#]} (24... Rb2 $11) 25. Nd4 ({White should try} 25. Kf1 $1 $16 {[%cal Rf1e2]} Rb2 26. Re1) 25... Rb2 $11 26. Nd3 (26. a3 $11) 26... Rd2 $1 $15 {[%cal Rd2d3]} 27. Bxd2 Rxd4 28. Nc5 Rxd2 29. Nxb7 $17 {[%mdl 4096] Endgame KRN-KR} Rd7 30. Rc1 {Threatening mate with Rc8+.} g6 31. Na5 bxa5 {KR-KR} 32. g3 Rd2 33. Rc7 (33. a4 $17) 33... Rxa2 $19 34. Rxa7 {[#]} g5 (34... h5 $1 $19 35. Kg2 a4) 35. g4 $17 a4 36. Kg2 a3 {Strongly threatening ...Ra1.} 37. Kg3 (37. Ra5 $15) 37... Ra1 38. h3 Kf8 39. Kh2 h6 $2 (39... a2 $19 {aiming for ...Ke8.} 40. Kg2 Ke8) 40. Kg3 $15 Ke8 {And now ...a2 would win.} 41. Kg2 f6 (41... a2 $17 42. Kf3 Kd8) 42. Ra6 (42. Kf3 $11) 42... Ke7 ({Black should play} 42... a2 $17 {White must now prevent ...Kd7.} 43. Ra7 Kd8) 43. Kh2 $2 (43. Kf3 $11) 43... Kd7 $2 (43... a2 $19 44. Kg2 Kd8) 44. Rxf6 Rf1 (44... a2 $5 {[%cal Ra1h1]} 45. Ra6 Kc8 $17) 45. Ra6 {The position is equal.} Rxf2+ 46. Kg3 Ra2 {Threatens to win with ...Ra1.} 47. Rxh6 Rc2 {Hoping for ...Kc7.} 48. Ra6 Rc3+ 49. Kh2 Kc7 50. h4 Kb7 51. Ra4 gxh4 52. g5 Rc2+ 53. Kh3 a2 54. g6 Rc3+ 55. Kh2 Rc2+ 56. Kh3 Rc3+ 57. Kh2 Rc2+ {Accuracy: White = 47%, Black = 43%.} 1/2-1/2

[Event "33rd Cannes Open 2019"]
[Site "Cannes"]
[Date "2019.02.23"]
[Round "8.3"]
[White "Maiorov, Nikita"]
[Black "Basso, Pier Luigi"]
[Result "1/2-1/2"]
[WhiteElo "2523"]
[BlackElo "2512"]
[Annotator "ChessBase"]
[PlyCount "79"]
[EventDate "2019.02.18"]
[EventType "swiss"]
[EventCountry "FRA"]
[SourceTitle "playchess.com"]
[Source "ChessBase"]
[SourceQuality "1"]
[TimeControl "40/5400+30:1800+30"]

1. d4 {[%emt 0:02:59]} d5 {[%emt 0:00:00]} 2. c4 {[%emt 0:00:02]} c6 {[%emt 0:00:00]} 3. Nc3 {[%emt 0:00:01]} Nf6 {[%emt 0:00:00]} 4. e3 {[%emt 0:00:02]} e6 {[%emt 0:00:00]} 5. Nf3 {[%emt 0:00:02]} Nbd7 {[%emt 0:00:00]} 6. Qc2 {[%emt 0:00:02]} b6 {[%emt 0:00:03]} 7. Bd3 {[%emt 0:04:04]} Bb7 {[%emt 0:00:08]} 8. O-O {[%emt 0:00:04]} Be7 {[%emt 0:00:07]} 9. b3 {[%emt 0:00:12]} dxc4 {[%emt 0:00:07]} 10. Bxc4 {[%emt 0:00:26]} c5 {[%emt 0:04:34]} 11. dxc5 {[%emt 0:01:05]} Bxc5 {[%emt 0:00:16]} 12. Bb2 {[%emt 0:00:22]} O-O {[%emt 0:01:09]} 13. Rad1 {[%emt 0:03:55]} Qb8 {[%emt 0:13:23]} 14. Ng5 {[%emt 0:19:51]} Ne5 {[%emt 0:02:25]} 15. Nce4 {[%emt 0:09:28]} Nxe4 {[%emt 0:09:58]} 16. Nxe4 {[%emt 0:00:03]} Bxe4 {[%emt 0:03:09]} 17. Qxe4 {[%emt 0:00:05]} Nxc4 {[%emt 0:00:04]} 18. Qxc4 {[%emt 0:00:09]} Rd8 {[%emt 0:01:29]} 19. Qe4 {[%emt 0:05:35]} Rxd1 {[%emt 0:07:35]} 20. Rxd1 {[%emt 0:00:05]} Qe8 {[%emt 0:00:11]} 21. Qe5 {[%emt 0:09:40]} Bf8 {[%emt 0:00:06]} 22. Qc7 {[%emt 0:02:36]} Qb5 {[%emt 0:03:44]} 23. Rc1 {[%emt 0:07:50]} Qe2 {[%emt 0:02:27]} 24. Qc2 {[%emt 0:00:08]} Qa6 {[%emt 0:03:26]} 25. h3 {[%emt 0:03:18]} h6 {[%emt 0:02:05]} 26. Bd4 {[%emt 0:02:56]} Bc5 {[%emt 0:17:42]} 27. Bxc5 {[%emt 0:02:25]} bxc5 {[%emt 0:00:01]} 28. Qd2 {[%emt 0:03:12]} Qb6 {[%emt 0:00:58]} 29. Rc3 {[%emt 0:03:16]} a5 {[%emt 0:02:22]} 30. Rd3 {[%emt 0:00:52]} a4 {[%emt 0:02:31]} 31. bxa4 {[%emt 0:02:23]} Qb1+ {[%emt 0:00:46]} 32. Kh2 {[%emt 0:00:17]} c4 {[%emt 0:05:46]} 33. Ra3 {[%emt 0:05:01]} Rb8 {[%emt 0:03:49]} 34. Qd4 {[%emt 0:05:35]} Rb2 {[%emt 0:05:16]} 35. e4 {[%emt 0:01:37]} Rxa2 {[%emt 0:02:54]} 36. Rg3 {[%emt 0:00:13]} Qa1 {[%emt 0:02:16]} 37. Qxc4 {[%emt 0:04:33]} Rxa4 {[%emt 0:01:10]} 38. Qc8+ {[%emt 0:00:30]} Kh7 {[%emt 0:00:06]} 39. Qc7 {[%emt 0:00:27]} Ra7 {[%emt 0:00:38]} 40. Qc3 {[%emt 0:00:28]} 1/2-1/2

[Event "33rd Cannes Open 2019"]
[Site "Cannes"]
[Date "2019.02.23"]
[Round "8.4"]
[White "Flear, Glenn C"]
[Black "Krzyzanowski, Marcin"]
[Result "0-1"]
[WhiteElo "2451"]
[BlackElo "2504"]
[Annotator "ChessBase"]
[PlyCount "72"]
[EventDate "2019.02.18"]
[EventType "swiss"]
[EventCountry "FRA"]
[SourceTitle "playchess.com"]
[Source "ChessBase"]
[SourceQuality "1"]
[TimeControl "40/5400+30:1800+30"]

1. d4 {[%emt 0:00:00]} Nf6 {[%emt 0:02:20]} 2. c4 {[%emt 0:00:00]} g6 {[%emt 0:00:05]} 3. Nc3 {[%emt 0:00:00]} Bg7 {[%emt 0:00:07]} 4. e4 {[%emt 0:00:12]} d6 {[%emt 0:00:04]} 5. Be2 {[%emt 0:00:53]} O-O {[%emt 0:00:24]} 6. Nf3 {[%emt 0:04:07]} e5 {[%emt 0:01:28]} 7. d5 {[%emt 0:01:20]} Na6 {[%emt 0:03:12]} 8. Bg5 {[%emt 0:03:26]} h6 {[%emt 0:04:54]} 9. Bh4 {[%emt 0:00:46]} Qe8 {[%emt 0:02:45]} 10. Nd2 {[%emt 0:02:31]} Nh7 {[%emt 0:03:11]} 11. O-O {[%emt 0:05:36]} h5 {[%emt 0:01:59]} 12. f3 {[%emt 0:01:09]} Bh6 {[%emt 0:01:12]} 13. Rb1 {[%emt 0:05:58]} Kh8 {[%emt 0:12:35]} 14. b4 {[%emt 0:01:19]} f5 {[%emt 0:02:03]} 15. Qc2 {[%emt 0:26:39]} g5 {[%emt 0:08:42]} 16. Bf2 {[%emt 0:00:28]} f4 {[%emt 0:00:03]} 17. c5 {[%emt 0:01:15]} g4 {[%emt 0:03:54]} 18. Kh1 {[%emt 0:04:21]} Rg8 {[%emt 0:12:06]} 19. Bxa6 {[%emt 0:16:53]} bxa6 {[%emt 0:01:15]} 20. Ne2 {[%emt 0:01:08]} Qe7 {[%emt 0:09:25]} 21. fxg4 {[%emt 0:05:06]} Bxg4 {[%emt 0:06:48]} 22. Nf3 {[%emt 0:01:05]} Rg7 {[%emt 0:00:49]} 23. Rg1 {[%emt 0:01:14]} Rag8 {[%emt 0:01:51]} 24. Qd3 {[%emt 0:02:28]} h4 {[%emt 0:04:33]} 25. Nxh4 {[%emt 0:03:40]} Nf6 {[%emt 0:01:15]} 26. cxd6 {[%emt 0:02:22]} cxd6 {[%emt 0:00:16]} 27. h3 {[%emt 0:00:41]} Bd7 {[%emt 0:03:50]} 28. Nc3 {[%emt 0:01:22]} Rh7 {[%emt 0:06:24]} 29. Rbf1 {[%emt 0:02:13]} Bg5 {[%emt 0:02:30]} 30. Nf5 {[%emt 0:01:00]} Qf8 {[%emt 0:00:01]} 31. Qxa6 {[%emt 0:01:22]} Nxe4 {[%emt 0:01:38]} 32. Nxe4 {[%emt 0:00:50]} Qxf5 {[%emt 0:01:14]} 33. Qd3 {[%emt 0:01:38]} Bb5 {[%emt 0:01:12]} 34. Qf3 {[%emt 0:01:53]} Be2 {[%emt 0:00:23]} 35. Nxg5 {[%emt 0:00:43]} Rxg5 {[%emt 0:01:16]} 36. Qb3 {[%emt 0:01:09]} f3 0-1

[Event "33rd Cannes Open 2019"]
[Site "Cannes"]
[Date "2019.02.23"]
[Round "8.5"]
[White "Apicella, Manuel"]
[Black "Barp, Alberto"]
[Result "1-0"]
[WhiteElo "2501"]
[BlackElo "2420"]
[Annotator "ChessBase"]
[PlyCount "59"]
[EventDate "2019.02.18"]
[EventType "swiss"]
[EventCountry "FRA"]
[SourceTitle "playchess.com"]
[Source "ChessBase"]
[SourceQuality "1"]
[TimeControl "40/5400+30:1800+30"]

1. e4 {[%emt 0:00:00]} e5 {[%emt 0:00:00]} 2. Nf3 {[%emt 0:00:00]} Nc6 {[%emt 0:00:00]} 3. Bb5 {[%emt 0:00:00]} a6 {[%emt 0:00:23]} 4. Ba4 {[%emt 0:00:01]} d6 {[%emt 0:00:54]} 5. O-O {[%emt 0:01:11]} Bd7 {[%emt 0:00:12]} 6. c3 {[%emt 0:03:42]} g6 {[%emt 0:01:12]} 7. d4 {[%emt 0:03:17]} Bg7 {[%emt 0:01:05]} 8. d5 {[%emt 0:06:06]} Nce7 {[%emt 0:00:08]} 9. Bxd7+ {[%emt 0:00:22]} Qxd7 {[%emt 0:00:06]} 10. c4 {[%emt 0:00:25]} h6 {[%emt 0:00:22]} 11. Nfd2 {[%emt 0:01:14]} f5 {[%emt 0:04:52]} 12. f3 {[%emt 0:07:08]} Nf6 {[%emt 0:00:51]} 13. Nc3 {[%emt 0:00:08]} O-O {[%emt 0:00:05]} 14. b4 {[%emt 0:01:02]} c6 {[%emt 0:03:48]} 15. Qb3 {[%emt 0:08:27]} cxd5 {[%emt 0:15:49]} 16. cxd5 {[%emt 0:05:30]} Rac8 {[%emt 0:04:05]} 17. Bb2 {[%emt 0:00:42]} h5 {[%emt 0:06:53]} 18. Nc4 {[%emt 0:02:50]} Qc7 {[%emt 0:17:49]} 19. Nxe5 {[%emt 0:13:00]} fxe4 {[%emt 0:01:58]} 20. Nxe4 {[%emt 0:02:49]} Nxe4 {[%emt 0:04:05]} 21. fxe4 {[%emt 0:00:46]} Rxf1+ {[%emt 0:03:59]} 22. Rxf1 {[%emt 0:00:57]} Qc2 {[%emt 0:01:24]} 23. Nc6 {[%emt 0:03:20]} Qxe4 {[%emt 0:06:25]} 24. Qf3 {[%emt 0:03:29]} Qxf3 {[%emt 0:02:22]} 25. Nxe7+ {[%emt 0:00:08]} Kh7 {[%emt 0:00:54]} 26. Rxf3 {[%emt 0:01:25]} Rc2 {[%emt 0:02:24]} 27. Bxg7 {[%emt 0:01:04]} Kxg7 {[%emt 0:00:04]} 28. Rg3 {[%emt 0:00:55]} h4 {[%emt 0:01:03]} 29. Rxg6+ {[%emt 0:03:07]} Kf7 {[%emt 0:00:15]} 30. Re6 {[%emt 0:00:04]} 1-0